000 01057nam a2200253Ia 4500
003 OSt
005 20250729154346.0
008 191128s2007 sp er 000 j spa d
020 _a9788483463758
040 _aCO-JMCR
_cCO-JMCR
041 _aspa
082 0 4 _aJ-C
_bAMOr
100 1 _aOz, Amos,
_d1939
_eautor
_99699
245 0 _aDe repente en lo profundo del bosque /
_cAmos Oz ; traducción del hebreo de Raquel García Lozano
250 _aPrimera edición
260 _aBarcelona :
_bRandom House Mondadori : Debolsillo
_c2007
300 _a150 páginas ;
_c19 cm.
440 0 _aContemporánea. Biblioteca ; 387-9
_99700
520 _aDe repente en l profundo del bosque es una aggadah, una parábola, con todo su simbolismo y carga metafórica, que cuenta la historia de un pequeño pueblo embrujado sobre el cual a recaido una extraña maldición: La desaparición de todos los animales.
534 _ppit´om be´omek hayá ar
650 0 4 _aCuentos juveniles
_9607
700 _aGarcía Lozano, Raquel,
_etraductor
_99701
942 _2ddc
_cBK
999 _c4205
_d4205